000 00490nam a2200169 4500
001 126071
003 ES-MaACL
005 20230906192741.0
007 t|
008 070214s1965 sp r ||||1| spa d
100 1 _aReina, Víctor.
_996032
245 1 3 _aEl sistema beneficial /
_cVíctor Reina.
260 _aPamplona :
_bUniversidad de Navarra :
_bEd. Gómez,
_c1965.
300 _a397 p. ;
_c23 cm.
710 2 _aUniversidad de Navarra.
_97252
852 _aES-MaACL
_jC-28678
_bR.57841
999 _c126071
_d126071